| 000 | 01264cam a2200181 4500500 | ||
|---|---|---|---|
| 005 | 20260322011310.0 | ||
| 041 | _afre | ||
| 042 | _adc | ||
| 100 | 1 | 0 |
_aAzmat, Ghazala _eauthor |
| 700 | 1 | 0 |
_aIriberri, Nagore _eauthor |
| 700 | 1 | 0 |
_aThebault, Georgia _eauthor |
| 245 | 0 | 0 | _aRelative Performance Feedback in Education |
| 260 | _c2026. | ||
| 500 | _a47 | ||
| 520 | _aPerformance feedback is a common feature in education, often delivered alongside social comparisons. This review paper explores the theoretical reasons why students’ academic performance might respond to relative performance feedback, even when it is provided privately and without monetary incentives. We then review empirical evidence to assess what has been learned thus far, highlighting the significance of heterogeneity in the effectiveness of feedback (depending on socio-demographic background, ability priors, granularity of information, among others). As a policy tool, we advocate for more targeted approaches and stress the need to consider its broader effects on non-academic outcomes. | ||
| 786 | 0 | _nRevue économique | 76 | 4 | 2026-01-16 | p. 505-525 | 0035-2764 | |
| 856 | 4 | 1 | _uhttps://shs.cairn.info/journal-revue-economique-2025-4-page-505?lang=en&redirect-ssocas=7080 |
| 999 |
_c1763812 _d1763812 |
||